| Tag |
First Indicator |
Second Indicator |
Subfields |
| LEADER |
00000cam a2200000 i 4500 |
| 001 |
in00000021445 |
| 005 |
20151007062321.0 |
| 008 |
791220s1979 mdu b 00110 eng |
| 010 |
|
|
|a 79084925
|
| 020 |
|
|
|a 0870214985
|
| 035 |
|
|
|a (OCoLC)05145389
|
| 035 |
|
|
|9 AAD4539AM
|
| 040 |
|
|
|a DLC
|c DLC
|d TXA
|d UtOrBLW
|
| 043 |
|
|
|a n-us---
|
| 049 |
|
|
|a TXAM
|c 1 [1192114]
|a TXAS [mil]
|c 2
|
| 050 |
0 |
0 |
|a VB231.U54
|b D67
|
| 082 |
0 |
|
|a 359.4/13/4320973
|
| 100 |
1 |
|
|a Dorwart, Jeffery M.,
|d 1944-
|
| 245 |
1 |
4 |
|a The Office of Naval Intelligence :
|b the birth of America's first intelligence agency, 1865-1918 /
|c Jeffrey M. Dorwart.
|
| 264 |
|
1 |
|a [Annapolis, Md.] :
|b Naval Institute Press,
|c [1979]
|
| 264 |
|
4 |
|c ©1979
|
| 300 |
|
|
|a ix, 173 pages ;
|c 24 cm.
|
| 336 |
|
|
|a text
|b txt
|2 rdacontent
|
| 337 |
|
|
|a unmediated
|b n
|2 rdamedia
|
| 338 |
|
|
|a volume
|b nc
|2 rdacarrier
|
| 500 |
|
|
|a Includes index.
|
| 504 |
|
|
|a Bibliography: pages 161-165.
|
| 610 |
1 |
0 |
|a United States.
|b Office of Naval Intelligence
|x History.
|
| 999 |
|
|
|a MARS
|
| 999 |
f |
f |
|s d92b3fc6-a65a-3a0c-bc18-4b34ee2ed46d
|i e2d850e0-b4b0-321e-bfc6-66788b8a2349
|t 0
|
| 952 |
f |
f |
|p normal
|a Texas A&M University
|b College Station
|c Sterling C. Evans Library
|d Evans: Library Stacks
|t 0
|e VB231.U54 D67
|h Library of Congress classification
|i unmediated -- volume
|m A14805708985
|
| 952 |
f |
f |
|p noncirc
|a Texas A&M University
|b College Station
|c Cushing Memorial Library & Archives
|d Cushing: Ragan Military (Does not check out)
|t 0
|e VB231.U54 D67
|h Library of Congress classification
|i unmediated -- volume
|
| 998 |
f |
f |
|a VB231.U54 D67
|t 0
|l Cushing: Ragan Military (Does not check out)
|
| 998 |
f |
f |
|a VB231.U54 D67
|t 0
|l Evans: Library Stacks
|